00257nam a2200109Ia 4500100002100000654001800021245004200039260003500081082001100116300000800127546001200135 aVenkatesh/ V.C.  ametal cutting aExperimental methods in metal cutting bprentice hallaNew Delhic1982 a671.53 a525 aENGLISH